000 00330pam a2200157a 44500
008 230515b1967 xxu||||| |||| 00| 0 eng d
020 _aNULL
041 _aENGLISH
082 _a630
100 _a4178-1967
245 _aEYE NUTS WITH COLLARS
250 _a0
260 _aDELHI
_bISI
_c1967
300 _a12
650 _aNULL
999 _c651903
_d651903